Recent progress in general topology
Αποθηκεύτηκε σε:
| Άλλοι συγγραφείς: | , |
|---|---|
| Μορφή: | Βιβλίο |
| Γλώσσα: | English |
| Δημοσίευση: |
Amsterdam ; New York :
North-Holland,
1992.
|
| Θέματα: | |
| Ετικέτες: |
Προσθήκη ετικέτας
Δεν υπάρχουν, Καταχωρήστε ετικέτα πρώτοι!
|
MARC
| LEADER | 00000cam a2200000 i 4500 | ||
|---|---|---|---|
| 001 | 1/34168 | ||
| 008 | 941103s1992####ne | ||| |||| ||eng|| | ||
| 020 | |a 0444896740 | ||
| 035 | |l 10039567 | ||
| 035 | |a 1993 |c ΧΑΡΑΛΑΜΠΟΥΣ | ||
| 040 | |a GR-MyUA |b gre |e AACR2 | ||
| 041 | 0 | |a eng | |
| 082 | 0 | |a 514.322 |2 (20) | |
| 245 | 1 | 0 | |a Recent progress in general topology / |c edited by Miroslav Huιsek, Jan van Mill. |
| 260 | |a Amsterdam ; |a New York : |b North-Holland, |c 1992. | ||
| 300 | |a xi, 796 σ. ; |c 25 εκ. | ||
| 500 | |a Papers from Prague Toposym 1991, held in Prague, Czechoslovakia, Aug. 19-23, 1991 | ||
| 504 | |a Περιέχει βιβλιογραφικές αναφορές και ευρετήριο. | ||
| 650 | 0 | 0 | |a Topology |x Congresses. |
| 700 | 1 | |a Husek, Miroslav |d 1940- |e edt | |
| 700 | 1 | |a Mill, J. van, |e edt | |
| 852 | |a INST |b SAMOS |e 19941103 |h 514.322 REC |p 005300003150 |q 005300003150 |t BK |y 0 | ||
| 909 | |a Σ |b 026855 | ||